<?xml version="1.0" encoding="UTF-8"?>
<collection xmlns="http://www.loc.gov/MARC21/slim">
  <record>
    <leader>00000nam  2200000   4500</leader>
    <controlfield tag="001">INLIS000000000018308</controlfield>
    <controlfield tag="005">20240926095701</controlfield>
    <datafield tag="035" ind1="#" ind2="#">
      <subfield code="a">0010-0924000137</subfield>
    </datafield>
    <controlfield tag="007">ta</controlfield>
    <controlfield tag="008">240926###########################0######</controlfield>
    <datafield tag="245" ind1="#" ind2="#">
      <subfield code="a">PARALLUTA' MOBILE :</subfield>
      <subfield code="b">Patuhi ki' Rambu Lalu Lintas Untuk Keselamatan ta' /</subfield>
      <subfield code="c">Ir. Andi Candrawati, ST.,MT</subfield>
    </datafield>
    <datafield tag="260" ind1="#" ind2="#">
      <subfield code="a">Makassar :</subfield>
      <subfield code="b">Puslatbang KMP LAN,</subfield>
      <subfield code="c">2024</subfield>
    </datafield>
    <datafield tag="300" ind1="#" ind2="#">
      <subfield code="a">56 ;</subfield>
      <subfield code="c">30</subfield>
    </datafield>
    <datafield tag="700" ind1=" " ind2="#">
      <subfield code="a">Drs. H. Zainal Ibrahim, M.SI (Mentor)</subfield>
    </datafield>
    <datafield tag="700" ind1=" " ind2="#">
      <subfield code="a">Milawaty, SE.,MM (Coach)</subfield>
    </datafield>
    <datafield tag="520" ind1="#" ind2="#">
      <subfield code="a">Dinas Perhubungan Kota Makassar dibentuk berdasarkan Peraturan Daerah Nomor 8 Tahun 2023 Tentang Perubahan Atas Peraturan Daerah Kota Makassar Nomor 8 Tahun 2016 tentang Pembentukan dan Susunan Organisasi Perangkat Daerah, memiliki tugas pokok melakukan kewenangan Walikota Makassar di bidang perhubungan dalam lingkup Pemerintah Kota Makassar, dalam rangka pelaksanaan tugas dan fungsi tersebut Dinas Perhubungan memerlukan dukungan sistem informasi yang efektif, efisien dan berdaya guna. Saat ini laporan pengaduan yang disampaikan oleh masyarakat masih dilakukan secara manual. Pengaduan yang terkait kerusakan rambu lalu lintas atau penyediaan fasilitas seperti rambu lalu lintas, marka jalan, lampu dan sebagaianya.&#13;
&#13;
Ketidakteraturan atau ketidakpedulian terhadap fasilitas keselamatan jalan adalah masalah yang harus diatasi dengan serius oleh pemerintah dan otoritas terkait. Keselamatan jalan di suatu daerah amatlah diperlukan guna memberikan kenyamanan bagi pengguna jalan dan merupakan tanggung jawab bersama. Perbaikan, pemeliharaan, dan pemantauan fasilitas keselamatan jalan yang baik sangat penting untuk menjaga keselamatan semua pengguna jalan raya. Masyarakat juga memiliki peran dalam melaporkan masalah terkait fasilitas keselamatan jalan agar tindakan perbaikan dapat diambil sesegera mungkin. Kita harapkan adanya kepedulian, partisipasi, dan peran aktif semua&#13;
&#13;
unsur dapat meminimalisir tingkat fatalitas dan jumlah terjadinya kecelakaan&#13;
&#13;
bagi pengguna jalan Untuk itu diperlukan dukungan teknologi transportasi yang handal, terkoneksi dan valid. Saat ini perkembangan teknologi transportasi sudah demikian maju sehingga perpindahan orang dari satu titik ke titik lainnya dapat tersedia dengan cepat dan tepat yang pada akhirnya keputusan yang dihasilkan dapat dilakukan secara akurat dan akuntabel. Dalam mendukung tujuan tersebut dan untuk mewadahi aspirasi masyarakat Dinas Perhubungan mengembangan sistem pengaduan transportasi berupa Aplikasi PARALLUTA' merupakan singkatan dari Patuhiki Rambu Lalu Lintas Untuk Keselamatanta'. Aplikasi ini dibuat untuk memudahkan Aplikasi yg berisi pengaduan perbaikan terkait fasilitas jalan dan pemeliharaan perlengkapan jalan yang ada di Kota Makassar. Melalui aplikasi ini, diharapkan kebutuhan akan perlengkapan jalan, baik kebutuhan pembangunan perlengkapan jalan baru, kebutuhan perawatan dan perbaikan di ruas jalan Kota Makassar dapat tersampaikan dengan baik</subfield>
    </datafield>
    <datafield tag="600" ind1="#" ind2="4">
      <subfield code="a">Aplikasi Pengaduan Perbaikan Terkait Fasilitas Jalan dan Pemeliharaan Pelengkapan Jalan</subfield>
    </datafield>
    <datafield tag="856" ind1="#" ind2="#">
      <subfield code="a">Puslatbang KMP LAN Makassar</subfield>
    </datafield>
  </record>
</collection>
